Un día en casa / (Registro nro. 12411)
[ vista simple ]
| 000 -LIDER | |
|---|---|
| fixed length control field | 00863nam a22002657a 4500 |
| 003 - IDENTIFICACDOR DE NÚMERO DE CONTROL | |
| control field | DO-SdBNP |
| 005 - DATE AND TIME OF LATEST TRANSACTION | |
| control field | 20180221151557.0 |
| 008 - ELEMENTOS DE LONGITUD FIJA | |
| fixed length control field | 160718 1990 sp a spa d |
| 020 ## - ISBN | |
| International Standard Book Number | 8439289359 |
| 040 ## - FUENTE DE CATALOGACIÓN | |
| Agencia que crea de manera original el registro | BPMSU |
| Idioma de catalogación | spa |
| Agencia que realiza la transcripción | BPMSU |
| 082 #4 - NÚMERO DE CLASIFICACIÓN DECIMAL DE DEWEY | |
| Classification number | xxxxx |
| Item number | xxxxx |
| 100 1# - ASIENTO PRINCIPAL -- NOMBRE PERSONAL | |
| Nombre personal | Capdevila Blanco, Francisco |
| 245 10 - MENCIÓN DE TITULO | |
| Título | Un día en casa / |
| Mención de responsabilidad | Francisco Capdevila Blanco ; asesores pedagógicos Juan Carlos Carrascosa Calpena, Agustín Berrueta Jiménez |
| 250 ## - MENCIÓN DE EDICION | |
| Mención de edición | 4a. ed. |
| 260 ## - PUBLICACIÓN, DISTRIBUCIÓN, ETC. (PIE DE IMPRENTA) | |
| Lugar de publicación, distribución, etc | Madrid : |
| Nombre del editor, distribuidor, etc. | Gaviota, |
| Fecha de publicación, distribución, etc | 1990. |
| 300 ## - DESCRIPCIÓN FÍSICA | |
| Extensión | [24] p. : |
| Otros detalles físicos | il. ; |
| Dimensiones | 22 cm. |
| 490 1# - MENCIÓN DE SERIES | |
| Mención de serie | Nene, Nena y Guau |
| 521 ## - TARGET AUDIENCE NOTE | |
| Target audience note | A partir de 6 años. |
| 700 12 - ASIENTO SECUNDARIO -- NOMBRE PERSONAL | |
| Nombre personal | Carrascosa Calpena, Juan Carlos |
| Mención de responsabilidad | ase. |
| 700 12 - ASIENTO SECUNDARIO -- NOMBRE PERSONAL | |
| Nombre personal | Berrueta Jiménez, Agustín |
| Mención de responsabilidad | ase. |
| 830 #0 - ASIENTO SECUNDARIO DE SERIE--TÍTULO UNIFORME | |
| Título uniforme | Nene, Nena y Guau |
| 942 ## - ADDED ENTRY ELEMENTS (KOHA) | |
| Source of classification or shelving scheme | Dewey Decimal Classification |
| Koha item type | Libros |
| 945 ## - INFORMACIÓN DE PROCESAMIENTO LOCAL | |
| Información de procesamiento local | Inventariado, 2018 / BT |
| 956 ## - LOCAL ELECTRONIC LOCATION AND ACCESS (OCLC) | |
| Método de acceso | YLOCKWARD |
| Materiales especificados | 10 |
| Enlace | 20161213 |
| Campo enlazado y núm. de secuencia | BPMSU |
| Nombre de host | 00144 |
| Withdrawn status | Lost status | Source of classification or shelving scheme | Damaged status | Not for loan | Collection code | Home library | Current library | Date acquired | Source of acquisition | Total Checkouts | Full call number | Barcode | Date last seen | Cost, replacement price | Price effective from | Koha item type |
|---|---|---|---|---|---|---|---|---|---|---|---|---|---|---|---|---|
| Dewey Decimal Classification | Colección Infantil General | Biblioteca Pública Metropolitana Salomé Ureña | Biblioteca Pública Metropolitana Salomé Ureña | 12/13/2016 | COMPRA | xxxxx xxxxx | BPMSU16120291 | 12/13/2016 | 39.60 | 12/13/2016 | Libros |